2006 Worldwide Box Office - Statistics

General Stats
  • This quiz has been taken 12 times
  • The average score is 6 of 10
Answer Stats
Rank Movie Title Worldwide Box Office (USD) Distributor/Studio Genre % Correct
1 Pirates of the Caribbean: Dead Man’s Chest $1,066,179,725 Disney Fantasy/Adventure
100%
7 X-Men: The Last Stand $459,260,946 20th Century Fox Superhero/Comics
78%
6 Cars $461,630,558 Disney Family/Animation
67%
4 Casino Royale $594,420,216 Sony Action
67%
3 Ice Age: Meltdown $651,899,282 20th Century Fox Family/Animation
67%
9 Superman Returns $391,081,192 Warner Bros. Superhero/Comics
56%
2 The Da Vinci Code $767,820,459 Sony Mystery/Thriller
56%
10 Happy Feet $385,000,315 Warner Bros. Animation/Musical
44%
8 Mission: Impossible III $399,387,745 Paramount Action
44%
5 Night at the Museum $579,446,407 20th Century Fox Family/Fantasy
44%
No matching quizzes found
Score Distribution
Percent of People with Each Score
Percentile by Number Answered
Your Score History
You have not taken this quiz